Races extraterrestres dans la fiction - Statistiques

Statistiques générales
  • Ce quiz a été pris 17 fois
  • Le résultat moyen est 10 sur 41
Statistiques - réponses
Race extraterrestre de fiction Univers % Correct
Xénomorphes Alien
100%
Predators Predator
88%
Wookies Star Wars
88%
Na'vis Avatar
81%
Vulcains Star Trek
81%
Kryptoniens DC Comics
63%
Saiyens Dragon Ball
63%
Krees Marvel
63%
Hanar Mass Effect
31%
Kaijus Pacific Rim
31%
Daleks Doctor Who
25%
Alliance Covenante Halo
25%
Otsutsuki Naruto
25%
Furlings Stargate
25%
Cybertroniens Transformers
25%
Boglodites Men in Black
19%
Lombax Ratchet et Clank
19%
Moissonneurs Independance Day
13%
Rigelliens Les Simpson
13%
Chozos Metroid
13%
Vanduul Star Citizen
13%
Kroot Warhammer
13%
Osmosiens Ben 10
6%
Serpo Dan Da Dan
6%
Starmen Earthbound
6%
Cartel Half-Life
6%
Habitants de Popstar Kirby
6%
Habitants d'Oxo La Soupe aux choux
6%
Etres Anciens Les Montagnes hallucinées
6%
Sélénites Le Voyage dans la Lune
6%
Xhampis Mario
6%
Korvax No Man's Sky
6%
Hocotatiens Pikmin
6%
Eridaniens Projet Dernière Chance
6%
Protoss Starcraft
6%
Décapodiens Futurama
0%
Morlocks La Machine à explorer le temps
0%
Plorgonariens Lilo et Stitch
0%
Première Race Ancestrale Neon Genesis Evangelion
0%
Wisps Sonic
0%
Aparoides Star Fox
0%
Aucun quiz correspondant
Distribution des résultats
% des personnes avec chaque résultat
Percentile par nombre de réponses
Votre historique - résultats
Vous n’avez pas pris ce quiz